| 000 | 00807nam a2200229 a 4500 | ||
|---|---|---|---|
| 001 | BRCA_7597 | ||
| 005 | 20190320205914.0 | ||
| 008 | 220613s1924----gw-a######---#000-0#ger-# | ||
| 041 | _ager | ||
| 044 | _agw | ||
| 050 | 4 |
_aN8790 _b.N48 1924 |
|
| 100 | 1 |
_aNeuburger, Albert _918740 |
|
| 245 | 1 | 0 |
_aEchto der Fälschung _bdie beurteilung, prüfung und Behand lung von Altertümern und kunst gegenständen, ein handbuch für museumsleiter, liebhaber von Albert Neuburger _cvon Albert Neuburger. |
| 260 |
_aLeipzig _bR. Voigtländer _c1924 |
||
| 300 |
_a206 p. _bil., 46 láminas _c22 cm. |
||
| 500 | _aEstado físico: lomo y tapas rotas sujetadas por un lazo | ||
| 500 | _aS118 | ||
| 504 | _aBibliografía p. 182-188 | ||
| 650 | 1 | 4 |
_aFalsificación de obras de arte _97762 |
| 902 | _aGFM | ||
| 942 |
_2lcc _cB |
||
| 999 |
_c7271 _d7271 |
||